000 01109nam a22001817a 4500
005 20241204151001.0
008 230712b ||||| |||| 00| 0 eng d
040 _cSSBUL
082 _223
_a၃၂၀.၉၅၉၁ ရဲ
_b၁၆၁၃၉ (S-SAT)
100 _aရဲခေါင်ကျော်စွာ။
_927799
245 _aပြည်တွင်းငြိမ်းချမ်းရေးကို နိုင်ငံရေးနည်းနှင့်ဖြေရှင်းကြသည်ဆိုရာဝယ်(ဒုတိယတွဲ)/
_cရဲခေါင်ကျော်စွာ။
260 _aရန်ကုန်၊
_b[ထုတ်ဝေသူမပါ]၊
_c၁၉၁၁။
300 _a၁၃၀ စာမျက်နှာ၊
_bဓာတ်ပုံများ၊
_c၂၃ စင်တီ။
500 _aS-SAT: Dr. Sai Aung Tun Collection
650 _aမြန်မာနိုင်ငံ
_vနိုင်ငံရေးနှင့်အစိုးရ။
_927800
650 _aမြန်မာနိုင်ငံ
_vသမိုင်း။
942 _2ddc
_cBK1
999 _c27065
_d27065